| 000 | 00665nam a2200217 4500 | ||
|---|---|---|---|
| 003 | OSt | ||
| 005 | 20240726012609.0 | ||
| 006 | a | ||
| 008 | 240726b |||||||| |||| 00| 0 eng d | ||
| 020 | _a9789719358619 | ||
| 040 |
_aDWCL-Main lib. _cOC |
||
| 082 |
_2First edition _aFil. 657.3 N532 2007 |
||
| 110 | _aPunongbayan & Araullo | ||
| 245 | _aNew accounting standards and income tax reporting: a study of differences / | ||
| 250 | _aFirst edition | ||
| 260 |
_aMakati City: _bPunongbayan & Araullo, _cc2007. |
||
| 300 |
_b122 p. ; _c28 cm. |
||
| 650 | _a1. Accounting-Standards. | ||
| 650 | _a2. Taxation. | ||
| 942 |
_2ddc _n0 _cBK - FIL _eFirst edition _kFil. |
||
| 999 |
_c2769 _d2769 |
||